000
00260nam a2200097Ia 4500
001
1141376
005
20250827010118.0
008
250824s9999 xx 000 0 und d
245
0
_a
BEN NE ZAMAN DOĞDUM
_c
BEHİÇ AK
260
_b
GÜNIŞIĞI KİTAPLIĞI YAYINLARI
999
_c
1141376
_d
1141376